000 00562nam a22002177a 4500
999 _c6907
_d6907
001 6907
003 BD-JhCC
005 20180131193435.0
008 180131b xxu||||| |||| 00| 0 eng d
035 _a(BD-JhCC)6907
040 _aBD-JhCC
_dBD-JhCC
041 _aeng
082 _a355.095491
_bKHA 1963
100 _aKhan, Fazal Muqeem
245 _aThe Story of The Pakistan Army /
_cFazal Muqeem Khan
260 _aDhaka :
_bOxford University press,
_c1963.
300 _a250 p. :
_c21 cm.
650 _aPakistan, Army
942 _2ddc
_cBK